| 000 | 00471nam a2200157 i 4500 | ||
|---|---|---|---|
| 001 | 96270 | ||
| 003 | ES-MaACL | ||
| 005 | 20230906181859.0 | ||
| 007 | t| | ||
| 008 | 050615s1968 sp ||||1| spa d | ||
| 100 | 1 |
_aMagaña, José. _975444 |
|
| 245 | 1 | 0 |
_aMisterio pascual y ejercicios ignacianos _b: hacia una integración / _cpor José Magaña, S. J. |
| 260 |
_aSantander : _bSal Terrae, _c1968. |
||
| 300 |
_a147 p. ; _c17 cm. |
||
| 852 |
_aES-MaACL _jC-36856 _bR.66681 |
||
| 999 |
_c96270 _d96270 |
||